000 00515nam a2200181Ia 4500
005 20250508162739.0
008 008 250505s9999 xx 000 0 eng d
037 _aReference
040 _aFEDL
_beng
_cFEDL
041 _aeng
_2eng
084 _a370.58, WOR
_qFEDL
100 _aBell Chris Ed.
245 0 _aWorld year book of education 1990: Assessment and evaluation
260 _aLondon, UK
_bKogan Page
_c1990
300 _ax,293p.
942 _cREF
_h370.58, WOR
999 _c1378460
_d1378460